Els Plans d'autoprotecció dels edificis municipals : experiència de la Diputació de Barcelona experiència de la Diputació de Barcelona

Publicat: Barcelona : Diputació de Barcelona , 2007
Descripció física: [34] p. : il. col., fot. ; 29 cm

MARC

LEADER 00000nam a2200000Ia 4500
001 21129
008 160829s2007 xx 000 0 cat d
080 |a FU-27-34 
245 |a Els Plans d'autoprotecció dels edificis municipals :  |b  experiència de la Diputació de Barcelona 
260 |a Barcelona :  |b Diputació de Barcelona,  |c 2007 
300 |a [34] p. :  |b  il. col., fot. ;  |c 29 cm 
590 |a A la part superior de la coberta: Pla d'emergències 
610 1 0 |a Barcelona (Catalunya : Província).  |b Diputació  |9 52408 
650 0 |a Incendis  |x Prevenció  |9 49592 
650 |a Edificis públics  |x Incendis i prevenció d'incendis  |9 36243 
710 1 |a Barcelona (Catalunya : Província).  |b Diputació  |9 52408 
901 |a Arxiu 
942 |n 1 
952 |0 0  |1 0  |4 0  |6 FU2734  |7 1  |9 51210  |a Arxiu  |b Arxiu  |d 2016-12-01  |l 0  |o FU-27-34  |p 21129  |r 2016-12-01 00:00:00  |w 2016-12-01  |y ARXIU 
999 |c 55053  |d 55053